- Zabaleta, Fran,
Entry Nombre Personal
001 - NUMERO DE CONTROL
- campo de control: 44544
003 - IDENTIFICADOR DE NUMERO DE CONTROL
- campo de control: DLC
005 - FECHA Y HORA DE LA ÜLTIMA TRANSACCIÓN
- campo de control: 20220525114743.0
008 - DATOS DE LONGITUD FIJA
- campo de control de longitud fija: 220525n| azannaabn |n aaa
010 ## - NÚMERO DE CONTROL DE LA BIBLIOTECA DEL CONGRESO
- Número de control LC: n 2006029979
040 ## - FUENTE DE CATALOGACIÓN
- Agencia original de catalogación: DLC
- Lenguaje de catalogación: spa
- Description conventions: rda
- Agencia de transcripción: DLC
- Agencia que lo modifica: DLC
- Agencia que lo modifica: MX-MxUPN
046 ## - FECHAS CON CODIFICACIÓN ESPECIAL
- Fecha de nacimiento: 1946
- Fuente del formato de fecha: edtf
050 #0 - SIGNATURA TOPOGRAFICA - BIBLIOTECA DEL CONGRESO (LC)
- Número de clasificación: PQ6726.A33
100 1# - ENCABEZAMIENTO - NOMBRE PERSONAL
- Nombre personal: Zabaleta, Fran,
- Fechas asociadas con el nombre: 1964-
370 ## - LUGAR ASOCIADO
- Place of birth: Vigo (España)
- Fuente del término: naf
374 ## - OCUPACIÓN
- Occupation: Novelista
- Occupation: Editor
- Start period: Guionista
375 ## - GÉNERO
- Gender: masculino
377 ## - LENGUA ASOCIADA
- Language code: spa
670 ## - FUENTE EN LA QUE SE LOCALIZARON DATOS
- Cita de la fuente: La cruz de ceniza, 2005:
- Información localizada: portada (Fran Zabaleta) camisa (b. 1964 en Vigo, España; novelista)
670 ## - FUENTE EN LA QUE SE LOCALIZARON DATOS
- Cita de la fuente: 99 libros para ser más culto, 2011:
- Información localizada: portada (Fran Zabaleta; licenciado en Geografía e Historia, guionista de documentales, editor, adaptador y autor de textos educativos y manuales de formación)
902 ## - CATALOGADOR
- Catalogador: VRC/250522
